Wertvollste deutsche Unternehmen - Statistiken

Allgemein
  • Dieses Quiz wurde 472 mal gespielt
  • Das Durchschnittsergebnis liegt bei 15 aus 30
Antwortstatistiken
Unternehmen % Korrekt
Automobilhersteller Volkswagen
97%
Automobilhersteller (BMW) Bayerische Motoren Werke
92%
Telekommunikationsunternehmen Deutsche Telekom
90%
Lebensmitteleinzelhandel Aldi-Gruppe
83%
Lebensmitteleinzelhandel (Lidl) Schwarz-Gruppe
83%
Lebensmitteleinzelhandel EDEKA-Gruppe
79%
Lebensmitteleinzelhandel Rewe-Gruppe
78%
Mobilitäts und Logistikunternehmen Deutsche Bahn
77%
Automobilhersteller Mercedes Benz
77%
Versicherung Allianz
75%
Systemanalyse Programmentwicklung SAP
72%
Chemische und pharmazeutische Industrie Bayer
69%
Bank Deutsche Bank
61%
Automatisierungsunternehmen Siemens
52%
Universalbank Commerzbank
49%
Energieunternehmen E-ON
47%
Logistikunternehmen Deutsche Post
43%
Chemieunternehmen BASF
39%
Technologie und Dienstleistungsunternehmen Robert Bosch
37%
Energieerzeugungsunternehmen RWE
37%
Wohnungsunternehmen Vonovia
33%
Luft und Raumfahrtunternehmen Airbus-Gruppe Deutschland
32%
Medizintechnik und Gesundheitskonzern Fresenius
12%
Versicherungsunternehmen AXA-Gruppe
9%
Wälzlagerhersteller INA Holding Schaeffler
9%
Medien, Dienstleistung und Bildungsunternehmen Bertelsmann
7%
Biotechnologieunternehmen Roche-Gruppe Deutschland
5%
Klinikbetreiber Asklepios Kliniken
4%
Pharmaunternehmen Boehringer Ingelheim
4%
Automobilzulieferkonzern ZF Friedrichshafen
3%
Keine übereinstimmenden Quizze gefunden
Verteilung der Resultate
Anzahl Personen mit jedem Resultat
Perzentil nach korrekt beantworteten Fragen
Ihre Resultats-Entwicklung
Sie haben dieses Quiz noch nicht gespielt